Zanzibar Quiz(CheeseHa8FS) - Statistics

General Stats
  • This quiz has been taken 11 times
  • The average score is 5 of 17
Answer Stats
Hint Answer % Correct
What is the main language of Zanzibar Swahili
100%
What ocean does it lie in Indian
88%
Name the most famous person born in the above Freddie Mercury
63%
What is the old part of the biggest city of Zanzibar Stone Town
63%
Name the other main island in the Zanzibar archipelago Pemba
50%
What year did it merge with Tanganyika? 1964
38%
The biggest city Zanzibar City
25%
And finally what day? 26
13%
What war there was the shortest war in history Anglo Zanzibar war/Anglo Zanzibar War
13%
Also what month? April
13%
What is the actual name of Zanzibar Unguja
13%
How long did that war last(Include time measurement) 38 minutes/38 Minutes
0%
What was the original ethnic group of Zanzibar Bantu
0%
Name a musician from Zanzibar Bi Kidude/Makame Faki/Siti Muharam
0%
Name another major town Chaani/Mbweni/Mangapwani/Chwaka/Nungwi
0%
One of the FLS of Tanzania on the island North Zanzibar
0%
The other FLS South Zanzibar
0%
No matching quizzes found
Score Distribution
Percent of People with Each Score
Percentile by Number Answered
Your Score History
You have not taken this quiz